| 000 | 00915nac a22001331u 4500 | ||
|---|---|---|---|
| 008 | 090318t xxu||||| |||| 00| 0 eng d | ||
| 082 | _a323.4 ح ق و | ||
| 111 |
_aالملتقى العالمي الثالث حول فكر معمر القذافي الكتاب الأخضر. الديمقراطية وحقوق الإنسان _cطرابلس، ليبيا _d30 أكتوبر-3 نوفمبر 1994 _921945 |
||
| 245 |
_aحقوق الإنسان: إشكالية التدويل والخصوصية .ج2 : _bالملتقى العلمي الثالث حول فكر معمر القذافي الكتاب الأخضر: 30 أكتوبر- 3 نوفمبر 1994 ، طرابلس، ليبيا |
||
| 260 |
_aطرابلس : _bمنشورات المركز العالمي لدراسات وأبحاث الكتاب الأخضر ، 1995 _c1995 |
||
| 300 |
_a319 ص ؛ _c24 سم |
||
| 650 |
_aحقوق الإنسان _98073 |
||
| 942 |
_cBB _k323.4 ح ق و _2ddc |
||
| 999 |
_c6740 _d6740 |
||